Eerste Klasse A Ploegen - Statistieken

Algemene statistieken
  • Deze quiz is 32 keer genomen
  • De gemiddelde score is 14 van 18
Antwoordstatistieken
Ploegen % Correct
RSC Anderlecht
100%
Club Brugge
96%
KRC Genk
93%
KAA Gent
89%
Royal Antwerp FC
89%
KV Oostende
85%
Standard Luik
81%
Beerschot VA
78%
Cercle Brugge
74%
KV Mechelen
74%
Oud-Heverlee Leuven
74%
Union Saint-Gilloise
74%
Sporting Charleroi
70%
KAS Eupen
67%
KV Kortrijk
63%
Sint-Truidense VV
63%
SV Zulte-Waregem
56%
RFC Seraing
52%
Geen overeenkomende quizzen gevonden
Scoreverdeling
Procent van Mensen met Elke Score
Percentiel versus Aantal Correcte Antwoorden
Uw Scoregeschiedenis
U heeft deze quiz nog niet genomen